HVAC water chillers and cooling towers : (Record no. 19452)

MARC details
000 -LEADER
fixed length control field 01029cam a22002775a 4500
001 - CONTROL NUMBER
control field 16963435
005 - DATE AND TIME OF LATEST TRANSACTION
control field 20150528114124.0
008 - FIXED-LENGTH DATA ELEMENTS--GENERAL INFORMATION
fixed length control field 110915t2012 flua frb 001 0 eng d
020 ## - INTERNATIONAL STANDARD BOOK NUMBER
International Standard Book Number 9781439862025
040 ## - CATALOGING SOURCE
Original cataloging agency DLC
Language of cataloging eng
Transcribing agency DLC
Modifying agency YDX
-- BTCTA
-- YDXCP
-- UKMGB
-- CDX
-- IXA
-- DLC
-- EG-ScBUE
082 04 - DEWEY DECIMAL CLASSIFICATION NUMBER
Classification number 697.93
Item number STA
Edition number 22
100 1# - MAIN ENTRY--PERSONAL NAME
Personal name Stanford, Herbert W.
9 (RLIN) 38104
245 10 - TITLE STATEMENT
Title HVAC water chillers and cooling towers :
Remainder of title fundamentals, application, and operation /
Statement of responsibility, etc Herbert W. Stanford III.
250 ## - EDITION STATEMENT
Edition statement 2nd ed.
260 ## - PUBLICATION, DISTRIBUTION, ETC. (IMPRINT)
Place of publication, distribution, etc Boca Raton :
Name of publisher, distributor, etc CRC Press / Taylor & Francis Group,
Date of publication, distribution, etc c.2012.
300 ## - PHYSICAL DESCRIPTION
Extent xvii, 389 p. :
Other physical details ill. ;
Dimensions 24 cm.
490 0# - Series Statement
Series statement Mechanical engineering
500 ## - GENERAL NOTE
General note Index : p. 375-389.
504 ## - BIBLIOGRAPHY, ETC. NOTE
Bibliography, etc Bibliography : p. 371-374.
650 #0 - SUBJECT ADDED ENTRY--TOPICAL TERM
Topical term or geographic name as entry element Air conditioning
General subdivision Equipment and supplies
-- Design and construction.
Source of heading or term BUEsh
9 (RLIN) 36220
650 #0 - SUBJECT ADDED ENTRY--TOPICAL TERM
Topical term or geographic name as entry element Air conditioning
General subdivision Equipment and supplies
-- Testing.
Source of heading or term BUEsh
651 ## - SUBJECT ADDED ENTRY--GEOGRAPHIC NAME
Source of heading or term BUEsh
653 ## - INDEX TERM--UNCONTROLLED
Resource For college Engineering, Civil
Arrived date list May2015
655 ## - INDEX TERM--GENRE/FORM
Form subdivision
-- 34232
942 ## - ADDED ENTRY ELEMENTS (KOHA)
Source of classification or shelving scheme Dewey Decimal Classification
Call number prefix 697.93 STA
Holdings
Withdrawn status Item status Source of classification or shelving scheme Damaged status Not for loan Vendor Home library Current library Shelving location Date acquired Source of acquisition Cost, normal purchase price Total Checkouts Total Renewals Full call number Barcode Checked out Date last seen Date last borrowed Cost, replacement price Koha item type
    Dewey Decimal Classification     Baccah Central Library Central Library First floor 26/05/2015   680.00 1 7 697.93 STA 000038315 21/02/2021 17/10/2019 17/10/2019 850.00 Book - Borrowing